LEADER 01730nam a2200325 u 4500 001 000000015515 003 CaOOAMICUS 005 20070226105904.0 008 950220s1974 be u000 u lat u 035 $a10362918 040 $aPUL$bita 041 0 $alat$afre 100 1 $aMollat du Jourdin, Michel,$d1911-1996.$0(OLS)http://pul/name/14271 245 14$aLes conciles Lyon I et Lyon II :$bconcordance, index, listes de fréquence, tables comparatives /$cMichel Mollat et Paul Tombeur ; travaux publiés avec le concours de Georges Mailleux, Hubert Maraite et Christine Pellistrandi. 260 $aLouvain :$bPublications du CETEDOC, Université catholique de Louvain,$c1974. 300 $aix, 166 p. ;$c23 cm 490 1 $aInformatique et étude de textes ;$v5,2 490 1 $aConciles oecuméniques médiévaux ;$v2 500 $aText in Latin with introd. in French. 611 24$aConcilium Lugdunense$n(1 :$d1245).$0(OLS)http://pul/subject/15445 611 24$aConcilium Lugdunense$n(2 :$d1274).$0(OLS)http://pul/subject/9481 700 1 $aTombeur, Paul.$0(OLS)http://pul/name/2022 830 0$aConciles oecuméniques médiévaux ;$v2.$0(OLS)http://pul/title/22259 830 0$aInformatique et étude de textes ;$v5,2.$0(OLS)http://pul/title/22260 850 $aPUL 852 $aPUL$W1$xSL Religione 1$y3$m30 B 37$j21750$nBK-PRI$b $qStampati$B21750$CPULBib$Z2$F21750 $H $81 941 1 $a8 961 $aINV: 44430 996 $6245$aLes conciles Lyon I et Lyon II :$bconcordance, index, listes de fréquence, tables comparatives$9(OLS)http://pul/title/22258 996 $6260$aLouvain :$bPublications du CETEDOC, Université catholique de Louvain$9(OLS)http://pul/publisher/54726 LEADER 01824nam a2200337 u 4500 001 000000120218 003 CaOOAMICUS 005 20100222170058.0 008 100222s1985 be u000 u lat u 040 $aPUL$bita$delep 041 0 $alat$afre 100 0 $aEvagrius Gallus,$df. 430.$0(OLS)http://pul/name/20290 240 00$aAltercatio legis inter Simonem Judaeum et Theophilum Christianum.$lLatino.$0(OLS)http://pul/title/151216 245 10$aEvagrii Altercatio legis inter Simonem Iudaeum et Theophilum Christianum /$ccura et studio R. Demeulenaere. 260 $aTurnholti :$bBrepols,$c1985. 300 $a523 p. ;$c26 cm 490 1 $aCorpus Christianorum.$aSeries Latina ;$v64 500 $aIl vol. contiene opere di diversi autori, con front. proprio. 500 $aInclude indici. 500 $aL'opera è pubblicata alle pagine: [233]-302. 504 $aContiene indicazioni bibliografiche. 546 $aTesto in latino, prefazione in francese. 700 1 $aDemeulenaere, Roland.$0(OLS)http://pul/name/6 776 1 $tScriptores minores Galliae.$dTurnholti : Brepols, 1985.$kCorpus Christianorum. Instrumnta Lexiicologica Latina. Series A$w()123769 777 1 $aFoebadius, vesc. di Agen sec. IV.$tFoebadi Aginnensis Liber contra Arrianos.$dTurnholti : Brepols, 1985.$kCorpus Christianorum. Series Latina$z2-503-00642-6$w()10102 830 0$aCorpus Christianorum.$pSeries Latina ;$v64.$0(OLS)http://pul/title/474 850 $aPUL 852 $aPUL$W1$xSL Cons. Gen., Altre Classi 1$y1$m2008 A 1.64 int.4$j137849$qStampati$B136993$CPULBib$Z2$F136993 $H53264 $82 941 1 $a8 996 $6245$aEvagrii Altercatio legis inter Simonem Iudaeum et Theophilum Christianum$9(OLS)http://pul/title/151215 996 $6260$aTurnholti :$bBrepols$9(OLS)http://pul/publisher/47842